000 00753cam a2200253 4500500
005 20260405002944.0
041 _afre
042 _adc
100 1 0 _aLacroix, Alexandre
_eauthor
245 0 0 _aAlain Damasio-Antoinette Rouvroy. Passer entre les mailles
260 _c2019.
500 _a68
690 _aAlain Damasio
690 _aAlexandre Lacroix
690 _aAntoinette Rouvroy
690 _aFurtifs
690 _aGafam
690 _aGouvernementalité
690 _aInternet
690 _aNumérique
690 _aSurveillance
786 0 _nPhilosophie magazine | 133 | 10 | 2019-10-01 | p. 27-29 | 1951-1787
856 4 1 _uhttps://shs.cairn.info/magazine-philosophie-magazine-2019-10-page-27?lang=fr&redirect-ssocas=7080
999 _c2062917
_d2062917